Normal view
MARC view
- Supervisor Dr. Dr. Naima Iltaf
Entry Personal Name
001 - CONTROL NUMBER
- control field: 125932
003 - CONTROL NUMBER IDENTIFIER
- control field: NUST
005 - DATE AND TIME OF LATEST TRANSACTION
- control field: 20240920141846.0
008 - FIXED-LENGTH DATA ELEMENTS
- fixed length control field: 240920|| aca||aabn | a|a d
040 ## - CATALOGING SOURCE
- Original cataloging agency: NUST
- Transcribing agency: NUST
100 ## - HEADING--PERSONAL NAME
- Personal name: Supervisor Dr. Dr. Naima Iltaf
670 ## - SOURCE DATA FOUND
- Source citation: Work cat.: (NUST): Faisal, Saleha 125926, AudioX-AI Based Automated Information Extraction From Audio /, 2024
